01834 a2200265 45000010006000000050017000060080041000230030015000640400040000790800060001192450064001792640126002433000019003695050958003881000025013467000018013717000021013897000022014107000028014327000025014607000020014857000028015057000014015337000021015475935020260407155847.0260407a1973 arg spa dAR-UNSa-BCEJYS aAR-UNSa-BCEJYSbspacAR-UNSa-BCEJYS a330.34(7/8)xDesarrollo Económico de América Latina10aLa integración lationamericana en una etapa de decisiones 1aBuenos Aires :bBID/INTAL (Banco Interamericano de Desarrollo. Instituto para la integración de América Latina)c1973 a193 p.c22 cm. a1. Causas y efectos de los procesos de integración económica en el mundo actual, por Sir Eric Wyndham-White - 2. El Segundo Decenio para el desarrollo y la integración económica regional, por Bela Balassa - 3. La integración económica en América Latina, por Raúl Prebisch - 4. La integración económica latinoamericana en la planificación nacional del desarrollo, por Enrique Iglesias - 5. Los aspectos políticos y sociales de la integración de América Latina, por Carlos Lleras Restrepo - 6. La ALALC: La experiencia de una evolución de once años, por Gustavo Magariños - 7. Visión crítica de la ALALC, por Alberto Solá - 8. El grupo Andino y el poder de la acción solidaria, por Germánico Salgado Peñaherrera - 9. La comunidad económica Europea y la integración, por Jean Rey - 10. Experiencia de los países de menor dimensión económica en el proceso integracionista europeo, por Ramón Tamames 1 aWyndham- White, Eric1 aBalassa, Bela1 aPrebisch, Raúl1 aIglesias, Enrique1 aLleras Restrepo, Carlos1 aMagariños, Gustavo1 aSolá, Alberto1 aSalgado P., Germánico1 aRey, Jean1 aTamames, Ramón